000 00898nam a22002417a 4500
005 20100803104033.0
010 _aENG-97775
020 _a0198067933
_c495.00
020 _a9780198067931
_c495.00
035 _aEN-81308
037 _bDBAD/PUB
082 _aN
100 _aChatterji, Bankimchandra
_96460
245 _aDebi Chaudhurani or the wife who came home /
_cby Bankimchandra Chatterji ; translated by Julius J. Lipner
260 _aNew Delhi
_bOxford University Press
_c2010
270 _aYMCA Library Building, Jai Singh Road,
_bNew Delhi
_e110001
300 _axiii,276p.
_c22cm (Hb)
500 _aIncludes bibliographical reference and index
650 _aDebi Chaudhurani-Bengali novelist
_96461
700 _aLipner, Julius J.
_94724
942 _2ddc
_cEN
_kN
_mCHA
999 _c38844
_d38844